00689nam a2200181 a 4500008004100000020001500041050001700056100001700073245004900090246005000139260002500189300002100214350000900235700002000244995010200264999001700366952012400383120416s0000 ||||||||||||||||| || u a0340676566 aRA 645.7 Pre aGreaves, Ian10aPre-hospital medicinecedited by Ian Greaves athe principles and practice of immediate care aLondonbArnoldc1999 axvi, 806p. : ill a0.00 aPorter, Keith M D0.00FCBU-MAIN LIBRARY (Kitwe)H1I60.00M1UAVAILABLEWApr 10, 2007ZAnnex Low-Usage Collection  c54338d54338 00102lcc4070a001b001cAnnex Low-Usage Collection d2022-11-30l0oRA 645.7 Prep40491r2022-11-30w2022-11-30y002